[Event "Sachsen-Anhalt Landesliga-B 1920"]
[Site "Sachsen Anhalt"]
[Date "2020.10.18"]
[Round "9.6"]
[White "Kuehn, Karsten1"]
[Black "Wendling, Jens"]
[Result "1-0"]
[WhiteElo "1847"]
[BlackElo "1624"]
[PlyCount "63"]
[EventDate "2019.09.29"]
[EventType "team-tourn"]
[EventRounds "9"]
[EventCountry "GER"]
[SourceTitle "EXT 2023"]
[Source "ChessBase"]
[SourceDate "2022.10.05"]
[SourceVersion "1"]
[SourceVersionDate "2022.10.05"]
[SourceQuality "1"]
[WhiteTeam "Halle USV III"]
[BlackTeam "Naumburg II"]
[WhiteTeamCountry "GER"]
[BlackTeamCountry "GER"]

1. d4 d5 2. Bf4 Nf6 3. e3 Nbd7 4. Nc3 c6 5. Bd3 g6 6. Nf3 Bg7 7. h4 Nb6 8. Ne5 Nh5 9. Bh2 Bxe5 10. Bxe5 f6 11. Bh2 Nc4 12. Rc1 Ng7 13. e4 Nb6 14. Qe2 Be6 15. Bf4 Qd7 16. Bh6 Rg8 17. a4 dxe4 18. Nxe4 Kf7 19. Bxg7 Rxg7 20. a5 Nd5 21. Nc5 Qc8 22. g3 Bd7 23. h5 Bg4 24. f3 Bd7 25. hxg6+ hxg6 26. Rh6 Nc7 27. Bc4+ e6 28. Qh2 b6 29. Ne4 Qf8 30. g4 Qb4+ 31. c3 Qe7 32. Qxc7 1-0

[Event "WchT Seniors 50"]
[Site "Prague"]
[Date "2020.03.09"]
[Round "4.20"]
[White "Jenssen, Ove S"]
[Black "Wendling, Jens"]
[Result "1/2-1/2"]
[WhiteElo "1812"]
[BlackElo "1908"]
[PlyCount "70"]
[EventDate "2020.03.06"]
[EventType "team-swiss"]
[EventRounds "7"]
[EventCountry "CZE"]
[SourceTitle "CBM 195 Extra"]
[Source "ChessBase"]
[SourceDate "2020.05.31"]
[SourceVersion "1"]
[SourceVersionDate "2020.05.31"]
[SourceQuality "1"]
[WhiteTeam "Norway 50"]
[BlackTeam "Germany 50 VIII"]
[WhiteTeamCountry "NOR"]
[BlackTeamCountry "GER"]

1. e4 d5 2. exd5 Qxd5 3. Nc3 Qd8 4. d4 Nf6 5. Bc4 a6 6. a4 e6 7. Bg5 h6 8. Bh4 Nbd7 9. Nf3 Be7 10. Qe2 Nb6 11. Bb3 0-0 12. 0-0 c6 13. Rad1 Re8 14. Rfe1 Bd7 15. Rd3 Nfd5 16. Bg3 Bb4 17. Ne5 a5 18. Qh5 Rf8 19. Re2 Nxc3 20. bxc3 Be7 21. Bf4 Bg5 22. Bxg5 Qxg5 23. Qxg5 hxg5 24. Nxd7 Nxd7 25. Rg3 g6 26. Rxg5 Kg7 27. Re3 b6 28. c4 c5 29. d5 f6 30. Rgg3 e5 31. c3 f5 32. Bc2 Rae8 33. h4 Kf6 34. Rh3 Rh8 35. f3 Re7 1/2-1/2

[Event "Sachsen-Anhalt Landesliga-B 1920"]
[Site "Sachsen Anhalt"]
[Date "2020.03.01"]
[Round "7.7"]
[White "Prudlik, Elisa"]
[Black "Wendling, Jens"]
[Result "0-1"]
[WhiteElo "1506"]
[BlackElo "1624"]
[PlyCount "82"]
[EventDate "2019.09.29"]
[EventType "team-tourn"]
[EventRounds "9"]
[EventCountry "GER"]
[SourceTitle "EXT 2023"]
[Source "ChessBase"]
[SourceDate "2022.10.05"]
[SourceVersion "1"]
[SourceVersionDate "2022.10.05"]
[SourceQuality "1"]
[WhiteTeam "Granschuetz Gruen Weiss"]
[BlackTeam "Naumburg II"]
[WhiteTeamCountry "GER"]
[BlackTeamCountry "GER"]

1. e4 d5 2. exd5 Qxd5 3. Nf3 Nf6 4. Nc3 Qd8 5. d4 a6 6. Be3 b5 7. a3 Bb7 8. Be2 e6 9. b4 Bd6 10. 0-0 0-0 11. Ne5 Nfd7 12. Bf3 c6 13. Bf4 Qc7 14. Nxd7 Nxd7 15. Bxd6 Qxd6 16. Ne4 Qe7 17. Qd3 Rfd8 18. Qc3 Rac8 19. a4 Rc7 20. Rfd1 Nb6 21. axb5 cxb5 22. Qb3 Bxe4 23. Bxe4 Na4 24. Bf3 Rc3 25. Qb1 Rc4 26. Rd2 Rcxd4 27. Rxd4 Rxd4 28. Qe1 Rxb4 29. Bb7 a5 30. Qd2 h6 31. Ba6 Qf6 32. Qd1 Nc3 33. Qe1 Re4 34. Qf1 Qe5 35. h3 a4 36. Bb7 Re2 37. Rc1 a3 38. Bf3 Rd2 39. Re1 Qd4 40. Ra1 a2 41. Qc1 Qxf2+ 0-1

[Event "Sachsen-Anhalt Landesliga-B 1920"]
[Site "Sachsen Anhalt"]
[Date "2019.10.20"]
[Round "2.7"]
[White "Wendling, Jens"]
[Black "Wieczorek, Martin"]
[Result "1-0"]
[WhiteElo "1624"]
[BlackElo "1595"]
[PlyCount "63"]
[EventDate "2019.09.29"]
[EventType "team-tourn"]
[EventRounds "9"]
[EventCountry "GER"]
[SourceTitle "EXT 2023"]
[Source "ChessBase"]
[SourceDate "2022.10.05"]
[SourceVersion "1"]
[SourceVersionDate "2022.10.05"]
[SourceQuality "1"]
[WhiteTeam "Naumburg II"]
[BlackTeam "Dessau II"]
[WhiteTeamCountry "GER"]
[BlackTeamCountry "GER"]

1. e4 e6 2. Qe2 Nc6 3. Nf3 Be7 4. d4 d5 5. e5 f6 6. c3 fxe5 7. dxe5 Bc5 8. g3 Nge7 9. Ng5 0-0 10. f4 Ng6 11. Qh5 h6 12. Qxg6 hxg5 13. Bd3 Ne7 14. Qh7+ Kf7 15. Qh5+ g6 16. Qh7+ Ke8 17. Bxg6+ Kd7 18. Bd3 gxf4 19. Bxf4 c6 20. Nd2 Qb6 21. 0-0-0 a5 22. a4 d4 23. Kc2 Kc7 24. Bg5 Kd7 25. Bc4 Qc7 26. Rhe1 Rf2 27. Bxe7 Bxe7 28. Kb1 b6 29. Ne4 Rg2 30. Rxd4+ Ke8 31. Qg6+ Kf8 32. Rf1+ 1-0